Europa de 1815 hasta nuestros días. vida política y relaciones internacionales /
Guardado en:
| Autor Principal: | |
|---|---|
| Formato: | Libro |
| Publicado: |
Barcelona :
Labor,
1971
|
| Edición: | 2a. ed. |
| Series: | Nueva Clío
|
| Materias: | |
| Etiquetas: |
Agregar Etiqueta
Sin Etiquetas, Sea el primero en etiquetar este registro!
|
| LEADER | 00564nam a22001935a 4500 | ||
|---|---|---|---|
| 001 | CEM.cems002175 | ||
| 005 | 20060216000000.0 | ||
| 008 | 130507s1971##################000#0#####d | ||
| 003 | CEMS | ||
| 082 | 0 | 4 | |a 940 |
| 100 | 1 | |a Duroselle, Jean Baptiste | |
| 245 | 1 | 0 | |a Europa de 1815 hasta nuestros días. vida política y relaciones internacionales / |
| 250 | |a 2a. ed. | ||
| 260 | |a Barcelona : |b Labor, |c 1971 | ||
| 300 | |a 341 p. | ||
| 490 | 0 | |a Nueva Clío | |
| 653 | |a Historia | ||
| 653 | |a Historia de europa | ||
| 859 | |a CEMS |b BIB. CEMS - 11 de abril |h 940 |i D937a2 |p 6650.79 |t Ej.1 | ||
